000
00307nam a2200121Ia 4500
008
210430s9999 xx 000 0 und d
082
_a
004 N822I
100
_a
Norton Peter
_9
5031
245
_a
Introduction To Computers
_c
Norton Peter
260
_a
California,
_c
2004
300
_a
628p.
942
_c
BK
_2
ddc
999
_c
565554
_d
565554